[Event "69th ch-RUS w 2019"]
[Site "Izhevsk RUS"]
[Date "2019.08.10"]
[Round "1.1"]
[White "Girya, Olga"]
[Black "Kashlinskaya, Alina"]
[Result "1/2-1/2"]
[WhiteTitle "WGM"]
[BlackTitle "IM"]
[WhiteElo "2462"]
[BlackElo "2491"]
[WhiteFideId "4195752"]
[BlackFideId "4198026"]
[EventDate "2019.08.10"]

1. d4 Nf6 2. c4 e6 3. Nf3 d5 4. Nc3 dxc4 5. e4 b5 6. e5 Nd5 7. Nxb5 Nb6 8. Be2
Nc6 9. O-O Be7 10. Be3 O-O 11. Qd2 Bb7 12. Rfd1 Nb4 13. Nc3 Qd7 14. Ng5 N4d5 15.
Qc2 Bxg5 16. Bxg5 h6 17. Be3 Rab8 18. Nxd5 Bxd5 19. b3 Qc6 20. Bf1 cxb3 21. Qxc6
Bxc6 22. axb3 Nd5 23. Bc4 Rb7 24. Ra5 Rfb8 25. Rda1 Bb5 26. Bxd5 exd5 27. Rxa7
Bd3 28. h4 c6 29. Rxb7 Rxb7 30. Ra8+ Kh7 31. Rc8 Rxb3 32. Rc7 Kg8 33. e6 fxe6
34. Rxc6 Bf5 35. Bf4 Rb7 36. Be5 Kf7 37. f3 h5 38. Kh2 Kg6 39. Kg3 Ra7 40. Kf4
Rf7 41. Ke3 Rb7 42. Ra6 Kh6 43. Kf4 Rf7 44. Rb6 Bh3+ 45. Kg3 Bf5 46. Rb8 Kh7 47.
Re8 Rb7 48. Kf4 Rf7 49. Ke3 Rb7 50. Ra8 Rf7 51. Ra1 Rb7 52. Kf4 Rf7 53. Rg1 Bg6+
54. Ke3 Rb7 55. g4 Rf7 56. Rc1 hxg4 57. fxg4 Be4 58. h5 g6 59. Rc8 Rf3+ 60. Ke2
gxh5 61. Rh8+ Kg6 62. gxh5+ Kg5 63. h6 Rh3 64. Bg7 Bf5 65. Be5 Be4 66. Bg7 Bf5
67. Be5 1/2-1/2

[Event "69th ch-RUS w 2019"]
[Site "Izhevsk RUS"]
[Date "2019.08.10"]
[Round "1.2"]
[White "Charochkina, Daria"]
[Black "Potapova, Margarita"]
[Result "1-0"]
[WhiteTitle "IM"]
[BlackTitle "WFM"]
[WhiteElo "2352"]
[BlackElo "2335"]
[WhiteFideId "4180917"]
[BlackFideId "14126869"]
[EventDate "2019.08.10"]

1. d4 Nf6 2. Bg5 d5 3. Bxf6 exf6 4. e3 g6 5. c4 dxc4 6. Bxc4 Bg7 7. Nc3 O-O 8.
h4 h5 9. Nge2 Nc6 10. Nf4 Kh7 11. Nxh5 gxh5 12. Qxh5+ Kg8 13. g4 Ne7 14. O-O-O
Qd6 15. Bd3 Rd8 16. Qh7+ Kf8 17. h5 Ng8 18. h6 Nxh6 19. Rxh6 Bxh6 20. Qxh6+ Ke7
21. Ne4 Qb6 22. Qg7 Bd7 23. g5 f5 24. Qe5+ Be6 25. Nc5 Rg8 26. Qf6+ Kf8 27. Bc4
Ke8 28. Bxe6 fxe6 29. Rh1 e5 30. Qxe5+ Kd8 31. Qd5+ 1-0

[Event "69th ch-RUS w 2019"]
[Site "Izhevsk RUS"]
[Date "2019.08.10"]
[Round "1.3"]
[White "Shuvalova, Polina"]
[Black "Bodnaruk, Anastasia"]
[Result "1/2-1/2"]
[WhiteTitle "WIM"]
[BlackTitle "IM"]
[WhiteElo "2419"]
[BlackElo "2429"]
[WhiteFideId "24171760"]
[BlackFideId "4181751"]
[EventDate "2019.08.10"]

1. e4 c5 2. Nf3 d6 3. Bb5+ Nd7 4. c3 a6 5. Ba4 Nf6 6. Qe2 b5 7. Bc2 Bb7 8. O-O
g6 9. d4 Bg7 10. e5 Bxf3 11. gxf3 dxe5 12. dxe5 Nd5 13. e6 N7b6 14. exf7+ Kxf7
15. Nd2 Qc7 16. Ne4 h6 17. Re1 e5 18. a4 c4 19. axb5 axb5 20. Rxa8 Rxa8 21. Ng3
Qc6 22. Rd1 Qe6 23. Be4 Ra1 24. Qc2 Nf4 25. Bxf4 Rxd1+ 26. Qxd1 exf4 27. Ne2 Be5
28. Qd8 Qd6 29. Qxd6 Bxd6 30. Bc6 Na4 31. Nd4 Nxb2 32. Bd5+ Kf6 33. Nxb5 Be5 34.
Kf1 Nd1 35. Bxc4 Nxc3 36. Nxc3 Bxc3 37. Kg2 Bd4 38. Bd3 g5 39. Bc2 Bc5 40. Bd3
Bd4 41. Bc2 Ke5 1/2-1/2

[Event "69th ch-RUS w 2019"]
[Site "Izhevsk RUS"]
[Date "2019.08.10"]
[Round "1.5"]
[White "Pogonina, Natalija"]
[Black "Tomilova, Elena"]
[Result "1-0"]
[WhiteTitle "WGM"]
[BlackTitle "WIM"]
[WhiteElo "2457"]
[BlackElo "2376"]
[WhiteFideId "4147855"]
[BlackFideId "4162340"]
[EventDate "2019.08.10"]

1. Nf3 d5 2. d4 Nf6 3. c4 e6 4. g3 Be7 5. Bg2 O-O 6. O-O Nbd7 7. Qc2 c6 8. Nbd2
b6 9. e4 dxc4 10. Nxc4 Bb7 11. Ne3 c5 12. d5 exd5 13. exd5 Nxd5 14. Nxd5 Bxd5
15. Rd1 Be6 16. Ne5 Nxe5 17. Rxd8 Raxd8 18. Be4 Bg4 19. Bf4 Nf3+ 20. Bxf3 Bxf3
21. Be5 Bc6 22. Bc3 Rd7 23. Rd1 Rfd8 24. Rxd7 Rxd7 25. Qe2 Kf8 26. Qg4 f6 27. f3
b5 28. a3 Rd8 29. Kg2 Bb7 30. Qf5 h6 31. h4 b4 32. axb4 cxb4 33. Be1 Rd5 34. Qf4
Re5 35. Bxb4 Bxb4 36. Qxb4+ Re7 37. Kf2 a6 38. Qc4 Re8 39. g4 Re7 40. f4 Re8 41.
g5 hxg5 42. fxg5 fxg5 43. hxg5 Re7 44. Qc5 Ke8 45. Qd6 Rf7+ 46. Kg3 Bc8 47. Qc6+
Kd8 48. Kh4 Bb7 49. Qc5 Re7 50. Qd6+ Rd7 51. Qb8+ Bc8 52. Kh5 Rb7 53. Qd6+ Rd7
54. Qb6+ Ke8 55. Qb8 Kd8 56. Kg6 Rb7 57. Qd6+ Rd7 58. Qb6+ Rc7 59. Kh7 Bf5+ 60.
g6 Bc8 61. Kg8 Bb7 62. Qd6+ Rd7 63. Qb8+ Bc8 64. Kf8 Rc7 65. b4 Rb7 66. Qe5 Ra7
67. Qa5+ Rc7 68. Qg5+ Kd7 69. Qd5# 1-0

[Event "69th ch-RUS w 2019"]
[Site "Izhevsk RUS"]
[Date "2019.08.10"]
[Round "1.6"]
[White "Gunina, Valentina"]
[Black "Shafigullina, Zarina"]
[Result "1-0"]
[WhiteTitle "GM"]
[BlackTitle "WFM"]
[WhiteElo "2497"]
[BlackElo "2332"]
[WhiteFideId "4167570"]
[BlackFideId "24174220"]
[EventDate "2019.08.10"]

1. d4 d5 2. c4 dxc4 3. e3 e5 4. Bxc4 exd4 5. exd4 Bd6 6. Nf3 Nf6 7. Qe2+ Qe7 8.
Qxe7+ Kxe7 9. O-O Be6 10. Re1 Kd7 11. Bxe6+ fxe6 12. Nc3 Re8 13. Bg5 Nc6 14.
Bxf6 gxf6 15. Re4 Nb4 16. Rh4 Re7 17. Re1 Nd3 18. Re2 Nf4 19. Re4 Ng6 20. Rh5 c6
21. g3 b5 22. Re2 f5 23. Kf1 a5 24. Rc2 a4 25. Ne2 Rc8 26. Ng5 Nf8 27. Rd2 Kc7
28. Rh6 Rd8 29. Rc2 Kb7 30. Nc1 Bc7 31. Nf3 Ng6 32. b3 axb3 33. Nxb3 Bb6 34. h4
Rd6 35. Ng5 Nf8 36. Rf6 Nd7 37. Rf7 Rxf7 38. Nxf7 Rd5 39. h5 Nf8 40. h6 Rd7 41.
Ne5 Rd6 42. Nf3 Kc7 43. Kg2 Nd7 44. Rc1 e5 45. dxe5 Rxh6 46. Re1 c5 47. Nc1 c4
48. Ne2 Ba5 49. Rb1 b4 50. Ned4 Nc5 51. Nxf5 Re6 52. Ne3 c3 53. Nc4 Ra6 54. Rh1
Kc6 55. Ne3 Ne6 56. Nc2 Kb5 57. Rh4 Nc5 58. Nfd4+ Ka4 59. Rxh7 Ne6 60. Nb3 Kb5
61. Rh4 Ra7 62. Nxa5 Rxa5 63. Rxb4+ Kc5 64. a4 Nc7 65. Re4 Kd5 66. Kf3 Ne6 67.
Ke3 Nc5 68. Nb4+ Ke6 69. Rc4 Nxa4 70. Kd4 Rb5 71. Nd3 Nb2 72. Nc5+ Ke7 73. Rxc3
Nd1 74. Rc2 Rb4+ 75. Kd5 Rb8 76. Ke4 Rb4+ 77. Kf5 Rb8 78. Ne4 Rf8+ 79. Nf6 1-0

[Event "69th ch-RUS w 2019"]
[Site "Izhevsk RUS"]
[Date "2019.08.11"]
[Round "2.1"]
[White "Kashlinskaya, Alina"]
[Black "Shafigullina, Zarina"]
[Result "1/2-1/2"]
[WhiteTitle "IM"]
[BlackTitle "WFM"]
[WhiteElo "2491"]
[BlackElo "2332"]
[WhiteFideId "4198026"]
[BlackFideId "24174220"]
[EventDate "2019.08.10"]

1. d4 d5 2. Nf3 Nf6 3. c4 dxc4 4. e3 Bg4 5. Bxc4 e6 6. h3 Bh5 7. Nc3 a6 8. O-O
Nc6 9. Re1 Bd6 10. g4 Bg6 11. e4 Nd7 12. e5 Bb4 13. a3 Bxc3 14. bxc3 b5 15. Bb3
Nb6 16. a4 Na5 17. Ba2 Nxa4 18. Ba3 Nb6 19. Nd2 h5 20. Qf3 hxg4 21. hxg4 Qh4 22.
Qg2 Qh3 23. Bb4 Qxg2+ 24. Kxg2 Nb7 25. f4 a5 26. Ba3 O-O-O 27. f5 exf5 28. gxf5
Bxf5 29. Bxf7 b4 30. Bb2 bxc3 31. Bxc3 Nd5 32. Bxd5 Rxd5 33. Nc4 Be6 34. Nxa5
Nxa5 35. Rxa5 Rxa5 36. Bxa5 Kd7 37. Rc1 Bd5+ 38. Kg3 c6 39. Rb1 Ke6 40. Rb7 Rh1
41. Rb2 1/2-1/2

[Event "69th ch-RUS w 2019"]
[Site "Izhevsk RUS"]
[Date "2019.08.11"]
[Round "2.2"]
[White "Tomilova, Elena"]
[Black "Gunina, Valentina"]
[Result "1-0"]
[WhiteTitle "WIM"]
[BlackTitle "GM"]
[WhiteElo "2376"]
[BlackElo "2497"]
[WhiteFideId "4162340"]
[BlackFideId "4167570"]
[EventDate "2019.08.10"]

1. d4 Nf6 2. Nf3 e6 3. Bf4 c5 4. e3 Nc6 5. c3 d5 6. Nbd2 cxd4 7. exd4 Nh5 8. Bg3
g6 9. Bd3 Bg7 10. O-O Nxg3 11. hxg3 O-O 12. Re1 Qd6 13. Nb3 b6 14. Qe2 Bb7 15.
g4 Rae8 16. Bb5 f6 17. Rad1 Re7 18. Qd2 Nd8 19. g5 Nf7 20. gxf6 Bxf6 21. Nc1 e5
22. dxe5 Nxe5 23. Nxe5 Rxe5 24. Rxe5 Bxe5 25. Qe2 Rf4 26. Ba6 Ba8 27. Nb3 Rh4
28. Nd4 Re4 29. Qf3 Kg7 30. g3 h5 31. Bc8 Kh6 32. Bh3 Bb7 33. Qf7 Ba6 34. Ne6 d4
35. cxd4 Bc4 36. dxe5 Qxd1+ 37. Kh2 Bxe6 38. Qf8+ Kh7 39. Bxe6 1-0

[Event "69th ch-RUS w 2019"]
[Site "Izhevsk RUS"]
[Date "2019.08.11"]
[Round "2.3"]
[White "Goryachkina, Aleksandra"]
[Black "Pogonina, Natalija"]
[Result "1/2-1/2"]
[WhiteTitle "GM"]
[BlackTitle "WGM"]
[WhiteElo "2564"]
[BlackElo "2457"]
[WhiteFideId "4147103"]
[BlackFideId "4147855"]
[EventDate "2019.08.10"]

1. d4 d5 2. c4 dxc4 3. e3 Nf6 4. Bxc4 e6 5. Nf3 a6 6. O-O b5 7. Be2 Bb7 8. a4 b4
9. b3 Nbd7 10. Bb2 Be7 11. Nbd2 c5 12. Rc1 Rc8 13. dxc5 Nxc5 14. Rc4 Ncd7 15.
Ne5 O-O 16. Nxd7 Nxd7 17. Bf3 Bxf3 18. Qxf3 Rxc4 19. Nxc4 Nc5 20. Rd1 Qa8 21.
Qxa8 Rxa8 22. Na5 Rd8 23. Rxd8+ Bxd8 24. Nc6 Bc7 25. Nxb4 a5 26. Nc6 Nxb3 27.
Bc3 Nc5 28. Bxa5 Bxa5 29. Nxa5 Nxa4 30. Nc4 Nc5 31. Kf1 Kf8 32. Ke2 Ke7 33. Ne5
f6 34. Nc4 e5 35. f3 Ke6 36. e4 g6 37. Ke3 Ke7 38. Nb6 Ke6 39. Nc4 Ke7 40. Nb6
Ke6 1/2-1/2

[Event "69th ch-RUS w 2019"]
[Site "Izhevsk RUS"]
[Date "2019.08.11"]
[Round "2.5"]
[White "Potapova, Margarita"]
[Black "Shuvalova, Polina"]
[Result "1/2-1/2"]
[WhiteTitle "WFM"]
[BlackTitle "WIM"]
[WhiteElo "2335"]
[BlackElo "2419"]
[WhiteFideId "14126869"]
[BlackFideId "24171760"]
[EventDate "2019.08.10"]

1. d4 Nf6 2. c4 e6 3. Nf3 d5 4. Nc3 Bb4 5. cxd5 exd5 6. Bg5 h6 7. Bh4 O-O 8. e3
Bf5 9. Qb3 Bxc3+ 10. bxc3 Nbd7 11. Be2 c5 12. dxc5 Nxc5 13. Qb4 Rc8 14. O-O g5
15. Bg3 Re8 16. Rfd1 Qe7 17. Rac1 Bg6 18. c4 Nce4 19. Qxe7 Rxe7 20. cxd5 Rxc1
21. Rxc1 Nxg3 22. hxg3 Nxd5 23. Rc5 Nf6 24. Nd4 g4 25. a4 h5 26. Kh2 Kh7 27. Rc8
Kg7 28. Ra8 a6 29. Ra7 Kf8 30. Ra8+ Re8 31. Rxe8+ Kxe8 32. f3 Kd7 33. e4 Kd6 34.
Nb3 Nd7 35. a5 f6 36. Bc4 Ne5 37. Bd5 gxf3 38. gxf3 Nxf3+ 39. Kg2 Ng5 40. Nd2
Kc7 41. Kf2 b6 42. axb6+ Kxb6 43. Ke3 Kc5 44. Nb3+ Kb4 45. Nd4 a5 46. Nc6+ Kb5
47. Ne7 Bh7 48. Kd4 Nf3+ 49. Kc3 Ne5 50. Ng8 Ng4 51. Ne7 a4 52. Bf7 Nf2 53. Be8+
Kc5 54. Bxh5 Nxe4+ 55. Kb2 Nd6 56. Bd1 Nc4+ 57. Ka2 Nb6 58. Bg4 Kd6 59. Nf5+
Bxf5 60. Bxf5 Ke5 61. g4 Nc4 62. Bd7 Nb6 63. Bf5 Nc4 64. Bd7 a3 65. Kb3 Kd5 66.
Bb5 Kd4 67. Bd7 Kc5 68. Bf5 Kd4 69. Bd7 Ne5 70. Bc8 Nc4 71. Bd7 Ke3 72. Be6 Ne5
73. Kxa3 Kf4 74. Kb2 Nxg4 75. Kc1 Ne5 1/2-1/2

[Event "69th ch-RUS w 2019"]
[Site "Izhevsk RUS"]
[Date "2019.08.11"]
[Round "2.6"]
[White "Girya, Olga"]
[Black "Charochkina, Daria"]
[Result "1-0"]
[WhiteTitle "WGM"]
[BlackTitle "IM"]
[WhiteElo "2462"]
[BlackElo "2352"]
[WhiteFideId "4195752"]
[BlackFideId "4180917"]
[EventDate "2019.08.10"]

1. d4 d6 2. e4 Nf6 3. Nc3 c6 4. Nf3 g6 5. Be3 Bg7 6. h3 O-O 7. Qd2 b5 8. Bd3
Nbd7 9. O-O Bb7 10. e5 Ne8 11. exd6 Nxd6 12. Bh6 c5 13. Bxg7 Kxg7 14. dxc5 Nxc5
15. Bxb5 Qb6 16. Be2 Qxb2 17. Rfb1 Qa3 18. Nb5 Nxb5 19. Rxb5 Rfd8 20. Qg5 Rac8
21. Qe5+ Kg8 22. Ng5 Bd5 23. Rd1 a6 24. Rbb1 Be6 25. Rxd8+ Rxd8 26. Bg4 Bxg4 27.
Qxe7 Rf8 28. hxg4 Qxa2 29. Re1 Rc8 30. Qf6 h6 31. Nf3 Qd5 32. Qf4 Kg7 33. g5 h5
34. Re7 Rf8 35. Ne5 Ne4 36. Kh2 Nd2 37. Rd7 Nf1+ 38. Kg1 Qa2 39. Qf6+ Kg8 40.
Nxg6 1-0

[Event "69th ch-RUS w 2019"]
[Site "Izhevsk RUS"]
[Date "2019.08.15"]
[Round "5.3"]
[White "Pogonina, Natalija"]
[Black "Girya, Olga"]
[Result "1/2-1/2"]
[WhiteTitle "WGM"]
[BlackTitle "WGM"]
[WhiteElo "2457"]
[BlackElo "2462"]
[WhiteFideId "4147855"]
[BlackFideId "4195752"]
[EventDate "2019.08.10"]

1. c4 e6 2. Nf3 d5 3. e3 Nf6 4. b3 Bd6 5. Bb2 O-O 6. Be2 b6 7. cxd5 exd5 8. O-O
Re8 9. Nc3 a6 10. Rc1 Bb7 11. Qc2 Nbd7 12. Rfe1 Rc8 13. Qf5 Qe7 14. Bf1 Qe6 15.
Qb1 Ne4 16. d3 Qh6 17. h3 Nxc3 18. Bxc3 c5 19. d4 Nf6 20. Nd2 Ne4 21. Nxe4 dxe4
22. Qb2 b5 23. dxc5 Rxc5 24. Rcd1 Rg5 25. Qd2 Rd5 26. Qe2 Rg5 27. Qd2 Rd5 28.
Qe2 Rg5 29. Qd2 1/2-1/2

[Event "69th ch-RUS w 2019"]
[Site "Izhevsk RUS"]
[Date "2019.08.15"]
[Round "5.5"]
[White "Shafigullina, Zarina"]
[Black "Bodnaruk, Anastasia"]
[Result "0-1"]
[WhiteTitle "WFM"]
[BlackTitle "IM"]
[WhiteElo "2332"]
[BlackElo "2429"]
[WhiteFideId "24174220"]
[BlackFideId "4181751"]
[EventDate "2019.08.10"]

1. d4 Nf6 2. c4 g6 3. Nf3 Bg7 4. g3 c6 5. Bg2 d5 6. cxd5 cxd5 7. Nc3 O-O 8. O-O
Ne4 9. Qb3 Nc6 10. Rd1 Nxc3 11. bxc3 Na5 12. Qb4 b6 13. Nd2 Bb7 14. Bb2 Rc8 15.
Rac1 Nc4 16. Nxc4 Rxc4 17. Qa3 a6 18. Bf1 b5 19. Qb3 Qd7 20. Ba3 Rc7 21. Bb4 Re8
22. e3 e6 23. Rb1 Bf8 24. Ba5 Rc4 25. Qc2 Rcc8 26. Qb3 Ba8 27. Rb2 Bd6 28. Rdb1
f6 29. Bg2 Rc4 30. Re1 Kg7 31. Bf1 Rcc8 32. Bg2 Bc7 33. Bb4 Bb6 34. Rbe2 Rc4 35.
e4 dxe4 36. Bxe4 Bd5 37. Bxd5 Qxd5 38. Qa3 a5 39. Bc5 Bxc5 40. dxc5 Qxc5 41.
Qxa5 Ra4 0-1

[Event "69th ch-RUS w 2019"]
[Site "Izhevsk RUS"]
[Date "2019.08.15"]
[Round "5.6"]
[White "Tomilova, Elena"]
[Black "Goryachkina, Aleksandra"]
[Result "1/2-1/2"]
[WhiteTitle "WIM"]
[BlackTitle "GM"]
[WhiteElo "2376"]
[BlackElo "2564"]
[WhiteFideId "4162340"]
[BlackFideId "4147103"]
[EventDate "2019.08.10"]

1. Nf3 d5 2. c4 d4 3. e3 c5 4. exd4 cxd4 5. g3 Nc6 6. Bg2 Bf5 7. O-O e6 8. d3
Nf6 9. Re1 Nd7 10. Nh4 Bg6 11. Na3 Be7 12. Nxg6 hxg6 13. Nc2 Bf6 14. b4 O-O 15.
b5 Na5 16. Ba3 Re8 17. Bb4 Rb8 18. Qd2 b6 19. Bd6 Rc8 20. Nb4 Be7 21. Bxe7 Rxe7
22. Re2 Nc5 23. Qf4 Rd7 24. h4 Qf8 25. a3 Na4 26. Re5 Rc5 27. Rae1 Rxe5 28. Qxe5
Qd6 29. Qg5 Rc7 30. Qg4 Nc3 31. h5 gxh5 32. Qxh5 Rc5 33. Qf3 Re5 34. Qa8+ Kh7
35. Rxe5 Qxe5 36. Nc6 Nxc6 37. bxc6 Nd1 38. Qd8 Nxf2 39. Kxf2 Qe3+ 40. Kf1 Qc1+
41. Kf2 Qe3+ 42. Kf1 1/2-1/2

[Event "69th ch-RUS w 2019"]
[Site "Izhevsk RUS"]
[Date "2019.08.16"]
[Round "6.2"]
[White "Bodnaruk, Anastasia"]
[Black "Tomilova, Elena"]
[Result "1/2-1/2"]
[WhiteTitle "IM"]
[BlackTitle "WIM"]
[WhiteElo "2429"]
[BlackElo "2376"]
[WhiteFideId "4181751"]
[BlackFideId "4162340"]
[EventDate "2019.08.10"]

1. e4 e6 2. d4 d5 3. Nc3 Nf6 4. e5 Nfd7 5. f4 c5 6. Nf3 Nc6 7. Be3 Qb6 8. a3
cxd4 9. Nxd4 Bc5 10. Na4 Qa5+ 11. c3 Bxd4 12. Bxd4 Nxd4 13. Qxd4 b6 14. Qb4 Qxb4
15. axb4 Bb7 16. Bb5 Ke7 17. Kd2 f6 18. Rhe1 Rhf8 19. g3 g5 20. Bxd7 Kxd7 21.
fxg5 fxg5 22. b3 Rf3 23. Re3 Rf2+ 24. Re2 Rf3 25. Re3 Rf2+ 26. Re2 Rf3 27. Re3 1/2-1/2

[Event "69th ch-RUS w 2019"]
[Site "Izhevsk RUS"]
[Date "2019.08.16"]
[Round "6.4"]
[White "Girya, Olga"]
[Black "Gunina, Valentina"]
[Result "1-0"]
[WhiteTitle "WGM"]
[BlackTitle "GM"]
[WhiteElo "2462"]
[BlackElo "2497"]
[WhiteFideId "4195752"]
[BlackFideId "4167570"]
[EventDate "2019.08.10"]

1. d4 Nf6 2. c4 e6 3. Nf3 Bb4+ 4. Nbd2 c5 5. a3 Bxd2+ 6. Qxd2 cxd4 7. Qxd4 Nc6
8. Qc3 d5 9. cxd5 exd5 10. Nd4 O-O 11. Bg5 Ne5 12. g3 h6 13. Bxf6 Qxf6 14. Bg2
Be6 15. O-O Rac8 16. Qd2 Nc4 17. Qf4 Qe7 18. b3 Nxa3 19. Qe5 Nc2 20. Rxa7 Nxd4
21. Qxd4 Rc2 22. Bxd5 Rxe2 23. Bg2 Rd8 24. Qb6 Bd5 25. Bxd5 Rxd5 26. Rxb7 Qe4
27. Qb4 Rd4 28. Rb8+ Kh7 29. Qb7 Rxf2 30. Qxe4+ 1-0

[Event "69th ch-RUS w 2019"]
[Site "Izhevsk RUS"]
[Date "2019.08.17"]
[Round "7.4"]
[White "Shafigullina, Zarina"]
[Black "Girya, Olga"]
[Result "0-1"]
[WhiteTitle "WFM"]
[BlackTitle "WGM"]
[WhiteElo "2332"]
[BlackElo "2462"]
[WhiteFideId "24174220"]
[BlackFideId "4195752"]
[EventDate "2019.08.10"]

1. e4 c6 2. d4 d5 3. e5 Bf5 4. Nf3 e6 5. Be2 Ne7 6. O-O c5 7. c4 Nbc6 8. dxc5
dxc4 9. Bxc4 Qxd1 10. Rxd1 Rd8 11. Rd6 Ng6 12. Bb5 Bxd6 13. exd6 e5 14. Bxc6+
bxc6 15. b4 Rb8 16. a3 a5 17. Nc3 axb4 18. axb4 O-O 19. Ba3 Ra8 20. b5 cxb5 21.
Nd5 b4 22. Nxb4 Rfb8 23. c6 Rxb4 24. d7 Bxd7 25. cxd7 Rb7 26. Re1 Rxd7 27. Bb2
f6 28. g3 Ra2 29. Bc1 Ra1 30. Kg2 e4 0-1

[Event "69th ch-RUS w 2019"]
[Site "Izhevsk RUS"]
[Date "2019.08.19"]
[Round "8.3"]
[White "Girya, Olga"]
[Black "Tomilova, Elena"]
[Result "1-0"]
[WhiteTitle "WGM"]
[BlackTitle "WIM"]
[WhiteElo "2462"]
[BlackElo "2376"]
[WhiteFideId "4195752"]
[BlackFideId "4162340"]
[EventDate "2019.08.10"]

1. d4 Nf6 2. c4 e6 3. Nc3 Bb4 4. e3 O-O 5. Bd3 c5 6. Ne2 d5 7. cxd5 cxd4 8. exd4
Nxd5 9. O-O Nc6 10. Nxd5 exd5 11. Nf4 Ne7 12. Qb3 a5 13. Be3 b6 14. Rac1 Bd6 15.
a3 Ba6 16. Bxa6 Rxa6 17. Qb5 Ra7 18. g3 Bb8 19. Rfd1 a4 20. Ne2 Ra5 21. Qd3 Qd7
22. Bd2 Ra8 23. Bb4 Bd6 24. Bxd6 Qxd6 25. Nc3 h5 26. Re1 h4 27. Re5 Ng6 28. Rxd5
Qe7 29. Qe4 Qxe4 30. Nxe4 Rfd8 31. Rxd8+ Rxd8 32. Rc4 b5 33. Rb4 Ne7 34. Kg2 Nc6
35. Rxb5 Rxd4 36. Nc3 hxg3 37. hxg3 f6 38. Kf1 g5 39. Rb6 Ne5 40. Rxf6 Nd3 41.
Rg6+ Kf7 42. Rxg5 Nxb2 43. Rb5 Rc4 44. Rxb2 Rxc3 45. Ra2 Kf6 46. Kg2 Kg5 47. Kh3
Rf3 48. Rc2 Rxa3 49. Rc5+ Kf6 50. Kg4 Ra1 51. Ra5 a3 52. Ra6+ Kf7 53. Kf5 Kf8
54. g4 Ke7 55. g5 Rf1 56. f4 Rf3 57. Ra7+ Kf8 58. Ke5 Rb3 59. Kf6 Rb6+ 60. Kf5
Rb3 61. Kg6 Rb6+ 62. Kh5 Rb3 63. f5 Rb5 64. Kg6 1-0

[Event "69th ch-RUS w 2019"]
[Site "Izhevsk RUS"]
[Date "2019.08.19"]
[Round "8.4"]
[White "Charochkina, Daria"]
[Black "Shafigullina, Zarina"]
[Result "1-0"]
[WhiteTitle "IM"]
[BlackTitle "WFM"]
[WhiteElo "2352"]
[BlackElo "2332"]
[WhiteFideId "4180917"]
[BlackFideId "24174220"]
[EventDate "2019.08.10"]

1. d4 Nf6 2. Bg5 Ne4 3. Bf4 c5 4. f3 Qa5+ 5. c3 Nf6 6. d5 Qb6 7. Bc1 e6 8. e4
exd5 9. exd5 Qd6 10. c4 Qe5+ 11. Kf2 Bd6 12. Nc3 Qh5 13. h4 Qe5 14. Nh3 Qg3+ 15.
Kg1 O-O 16. Nf4 Bxf4 17. Ne2 Qg6 18. Nxf4 Qf5 19. Be3 d6 20. Qd2 Qd7 21. g4 Qd8
22. g5 Nfd7 23. h5 Ne5 24. Kf2 Bf5 25. h6 g6 26. Bh3 Qxg5 27. Nxg6 Qf6 28. Nxe5
Bxh3 29. Rag1+ Kh8 30. Nd3 Bf5 31. Nxc5 dxc5 32. Bxc5 Qd8 33. Bxf8 Qxf8 34. Qd4+
f6 35. Rg7 Na6 36. Re1 Nc5 37. Ree7 Nd3+ 38. Kf1 Bg6 39. f4 Re8 40. Rxh7+ Bxh7
41. Rxe8 1-0

[Event "69th ch-RUS w 2019"]
[Site "Izhevsk RUS"]
[Date "2019.08.19"]
[Round "8.5"]
[White "Shuvalova, Polina"]
[Black "Gunina, Valentina"]
[Result "0-1"]
[WhiteTitle "WIM"]
[BlackTitle "GM"]
[WhiteElo "2419"]
[BlackElo "2497"]
[WhiteFideId "24171760"]
[BlackFideId "4167570"]
[EventDate "2019.08.10"]

1. e4 e5 2. Nf3 Nc6 3. Bb5 g6 4. d4 exd4 5. Bg5 Be7 6. Bxe7 Qxe7 7. Bxc6 dxc6 8.
Qxd4 Nf6 9. Nc3 Bg4 10. Nd2 c5 11. Qe3 O-O-O 12. h3 Bd7 13. O-O-O Bc6 14. Rhe1
b6 15. f3 Rhe8 16. Nc4 Nh5 17. g4 Ng7 18. Rxd8+ Rxd8 19. f4 Ne6 20. b3 Qf6 21.
f5 Nf4 22. Rd1 Qxc3 23. Rxd8+ Kxd8 24. Qxf4 Qe1+ 25. Kb2 Qxe4 26. Qh6 b5 27. Nd2
Qe5+ 28. Kb1 Kc8 29. a4 a6 30. axb5 axb5 31. Kc1 Kb7 32. fxg6 hxg6 33. Nb1 g5
34. Qh7 Qe3+ 35. Kb2 Qd4+ 36. Ka2 c4 37. Qf5 c3 38. Na3 Qa7 39. b4 Qd4 0-1

[Event "69th ch-RUS w 2019"]
[Site "Izhevsk RUS"]
[Date "2019.08.20"]
[Round "9.4"]
[White "Tomilova, Elena"]
[Black "Charochkina, Daria"]
[Result "0-1"]
[WhiteTitle "WIM"]
[BlackTitle "IM"]
[WhiteElo "2376"]
[BlackElo "2352"]
[WhiteFideId "4162340"]
[BlackFideId "4180917"]
[EventDate "2019.08.10"]

1. Nf3 d6 2. g3 e5 3. d3 f5 4. Bg2 Nf6 5. c4 Be7 6. Nc3 O-O 7. O-O Qe8 8. e3 c6
9. b4 Kh8 10. Rb1 a6 11. a4 Be6 12. Ng5 Bg8 13. f4 h6 14. Nf3 Nbd7 15. fxe5 dxe5
16. Nh4 e4 17. Rxf5 exd3 18. Qxd3 Bh7 19. Bh3 Rd8 20. Qe2 g5 21. Ng2 g4 22. e4
Bxf5 23. exf5 Bxb4 24. Rxb4 Qxe2 25. Nxe2 Ne5 26. Ne3 Nd3 27. Rxb7 gxh3 28. Ba3
Rb8 29. Ra7 Rb1+ 30. Nf1 Ne4 31. g4 Nd2 32. Ng3 Nf3+ 0-1

[Event "69th ch-RUS w 2019"]
[Site "Izhevsk RUS"]
[Date "2019.08.21"]
[Round "10.4"]
[White "Shuvalova, Polina"]
[Black "Tomilova, Elena"]
[Result "1/2-1/2"]
[WhiteTitle "WIM"]
[BlackTitle "WIM"]
[WhiteElo "2419"]
[BlackElo "2376"]
[WhiteFideId "24171760"]
[BlackFideId "4162340"]
[EventDate "2019.08.10"]

1. e4 e5 2. Nf3 Nc6 3. Bc4 Bc5 4. c3 Nf6 5. d3 d6 6. O-O O-O 7. Nbd2 a6 8. Bb3
Ba7 9. Re1 Ne7 10. Nf1 Ng6 11. Be3 c6 12. Bxa7 Rxa7 13. d4 Ra8 14. h3 Qc7 15.
Qd2 Bd7 16. Rad1 Rad8 17. Ng3 h6 18. Qe3 Rfe8 19. dxe5 dxe5 20. Rd2 Be6 21. Rxd8
Qxd8 22. Rd1 Qa5 23. Bxe6 Rxe6 24. Qa7 Qc7 25. b4 Re8 26. a4 Nd7 27. Qe3 c5 28.
Nf5 cxb4 29. cxb4 Nf4 30. g3 Ne6 31. Kg2 Nf6 32. Rc1 Qb8 33. a5 Nd4 34. N3xd4
exd4 35. Qxd4 Rxe4 36. Qc3 Kh7 37. Qd3 g6 38. Nd6 Qd8 39. Qb3 Re7 40. Rd1 Qc7
41. Qf3 Kg7 42. Rd4 Rd7 43. Qd1 Qc6+ 44. Kh2 Re7 45. Rc4 Qd7 46. Rd4 Qc6 47. Rc4
Qd7 48. Qd2 Qe6 49. Rh4 h5 50. Rd4 Rd7 1/2-1/2